Catálogo
 En Linea

Boletín del Instituto Montecristeño de Arqueología / (Registro nro. 59574)

Detalles MARC
000 -CABECERA
campo de control de longitud fija 01442nas a2200301 i 4500
003 - IDENTIFICADOR DEL NÚMERO DE CONTROL
campo de control DO-SdUA
005 - FECHA Y HORA DE LA ÚLTIMA TRANSACCIÓN
campo de control 20250718083216.0
007 - CAMPO FIJO DE DESCRIPCIÓN FÍSICA--INFORMACIÓN GENERAL
campo de control de longitud fija ta
008 - DATOS DE LONGITUD FIJA--INFORMACIÓN GENERAL
campo de control de longitud fija 250717e1974 dr u p|r| || | spa d
035 ## - NÚMERO DE CONTROL DEL SISTEMA
Número de control de sistema (DO-SdUA)44080
040 ## - FUENTE DE LA CATALOGACIÓN
Centro catalogador/agencia de origen DO-SdUA
Lengua de catalogación spa
Centro/agencia transcriptor DO-SdUA
Centro/agencia modificador DO-SdBNP
041 0# - CÓDIGO DE LENGUA
Código de lengua del texto/banda sonora o título independiente spa
110 2# - ENTRADA PRINCIPAL--NOMBRE DE ENTIDAD CORPORATIVA
Nombre de entidad corporativa o nombre de jurisdicción como elemento de entrada Instituto Montecristeño de Arqueología (IMA)
9 (RLIN) 88385
245 10 - MENCIÓN DE TÍTULO
Título Boletín del Instituto Montecristeño de Arqueología /
Mención de responsabilidad, etc. Instituto Montecristeño de Arqueología.
264 ## - PRODUCCIÓN, PUBLICACIÓN, DISTRIBUCIÓN, FABRICACIÓN Y COPYRIGHT
Producción, publicación, distribución, fabricación y copyright Monte Cristi, República Dominicana :
Nombre del de productor, editor, distribuidor, fabricante Instituto Montecristeño de Arqueología, IMA.
-- Editora Cultural Dominicana,
Fecha de producción, publicación, distribución, fabricación o copyright 1974-
300 ## - DESCRIPCIÓN FÍSICA
Extensión volumen :
Otras características físicas ilustraciones, fotografías, mapas ;
Dimensiones 21 cm.
310 ## - PERIODICIDAD ACTUAL
Periodicidad actual Desconocida.
336 ## - TIPO DE CONTENIDO
Término de tipo de contenido texto
Código de tipo de contenido txt
Fuente rdacontent
337 ## - TIPO DE MEDIO
Nombre/término del tipo de medio sin mediación
Código del tipo de medio n
Fuente rdamedia
338 ## - TIPO DE SOPORTE
Nombre/término del tipo de soporte volumen
Código del tipo de soporte nc
Fuente rdacarrier
362 ## - FECHAS DE PUBLICACIÓN Y/O DESIGNACIÓN SECUENCIAL
Fecha de publicación y/o designación secuencial Año: 1974, Número: 1.
500 ## - NOTA GENERAL
Nota general El origen del Instituto Montecristeño de Antropología e Historia (IMAH) tuvo como base la preocupación de dos jóvenes por evitar la depredación del patrimonio arqueológico que corresponde a la región nordestana del país.
650 #7 - PUNTO DE ACCESO ADICIONAL DE MATERIA--TÉRMINO DE MATERIA
Término de materia o nombre geográfico como elemento de entrada Arqueología
Subdivisión de forma Publicaciones periódicas
Fuente del encabezamiento o término lemb
9 (RLIN) 88386
650 #7 - PUNTO DE ACCESO ADICIONAL DE MATERIA--TÉRMINO DE MATERIA
Término de materia o nombre geográfico como elemento de entrada Antigüedades
Subdivisión de forma Publicaciones periódicas
Fuente del encabezamiento o término lemb
9 (RLIN) 88387
650 #0 - PUNTO DE ACCESO ADICIONAL DE MATERIA--TÉRMINO DE MATERIA
Término de materia o nombre geográfico como elemento de entrada Instituto Montecristeño de Arqueología (IMA)
Subdivisión de forma Publicaciones periódicas
9 (RLIN) 88388
710 ## - PUNTO DE ACCESO ADICIONAL--NOMBRE DE ENTIDAD CORPORATIVA
Nombre de entidad corporativa o nombre de jurisdicción como elemento de entrada Instituto Montecristeño de Arqueología (IMA)
9 (RLIN) 88385
942 ## - ELEMENTOS DE PUNTO DE ACCESO ADICIONAL (KOHA)
Fuente del sistema de clasificación o colocación Dewey Decimal Classification
Tipo de ítem Koha Publicación periódica
Existencias
Estado de retiro Estado de pérdida Fuente del sistema de clasificación o colocación Estado dañado Restricciones de uso No para préstamo Código de colección Localización permanente Ubicación/localización actual Fecha de adquisición Enumeración/cronología de publicación seriada Total de préstamos Código de barras Fecha visto por última vez Número de copia Precio válido a partir de Tipo de ítem Koha
    Dewey Decimal Classification   Préstamo en sala   Hemeroteca Biblioteca Nacional Pedro Henríquez Ureña Biblioteca Nacional Pedro Henríquez Ureña 17.07.2025 Año: 1974, Número: 1   2025-6684 17.07.2025 e.1 17.07.2025 Publicación periódica
    Dewey Decimal Classification   Préstamo en sala   Hemeroteca Biblioteca Nacional Pedro Henríquez Ureña Biblioteca Nacional Pedro Henríquez Ureña 17.07.2025 Año: 1976, Número: 2   2025-6685 17.07.2025 e.1 17.07.2025 Publicación periódica
    Dewey Decimal Classification   Préstamo en sala   Hemeroteca Biblioteca Nacional Pedro Henríquez Ureña Biblioteca Nacional Pedro Henríquez Ureña 18.07.2025 Año: 1976, Número: 2   2025-6698 18.07.2025 e.2 18.07.2025 Publicación periódica
    Dewey Decimal Classification   Préstamo en sala   Hemeroteca Biblioteca Nacional Pedro Henríquez Ureña Biblioteca Nacional Pedro Henríquez Ureña 18.07.2025 Año: 1976, Número: 2   2025-6699 18.07.2025 e.3 18.07.2025 Publicación periódica

Con tecnología Koha